Normal view
MARC view
- تكنولوجيا المعلومات علم المعلومات
Entry Topical Term
001 - CONTROL NUMBER
- control field: 28815
003 - CONTROL NUMBER IDENTIFIER
- control field: JO-AjAnu
005 - DATE AND TIME OF LATEST TRANSACTION
- control field: 20230606074859.0
008 - FIXED-LENGTH DATA ELEMENTS
- fixed length control field: 230606|| aca||aabn | a|a d
040 ## - CATALOGING SOURCE
- Original cataloging agency: JO-AjAnu
- Transcribing agency: JO-AjAnu
150 ## - HEADING--TOPICAL TERM
- Topical term or geographic name entry element: تكنولوجيا المعلومات علم المعلومات
670 ## - SOURCE DATA FOUND
- Source citation: Work cat.: (JO-AjAnu)14790: تأليف قندلجي ، عامر ابراهيم/م مشارك:ايمان فاضل, author 28814, تكنولوجيا المعلومات وتطبيقاتها =information technology and its Application